00418 2200157 4500001002100000005001500021035001900036245005900055100001800114300003600132260004600168082000700214084001300221022001200234990001400246INLIS00000000000151420250204105542$a 0010-0225000003$a Terbang jauh demi kelangsungan hidup /$c Bhakti Karyono$a Bhakti Karyono$a 90 hlm : $b ilus ; $c 15 x 23 cm$a Jakarta :$b PT Kuart Internasional,$c 2025$a 050$a 050 BHA t$a 16939964$a MK003/2025